Začátky a první kroky malých podniků Zahraniční zkušenosti a poznatky

Gespeichert in:
Bibliographische Detailangaben
Format: Buch
Sprache:Tschechisch
Veröffentlicht: Praha UTRIN 1991
Ausgabe:1. vyd.
Tags: Tag hinzufügen
Keine Tags, Fügen Sie das erste Tag hinzu!

MARC

LEADER 00000nam a2200000 4500
001 c023843
005 20221214095334.7
041 0 |a cze 
044 |a CZ 
245 1 0 |a Začátky a první kroky malých podniků  |b Zahraniční zkušenosti a poznatky 
250 |a 1. vyd. 
264 1 |a Praha  |b UTRIN  |c 1991 
300 |a 44 s.